<?xml version="1.0" encoding="UTF-8"?>
<collection xmlns:xsi="http://www.w3.org/2001/XMLSchema-instance" xsi:schemaLocation="http://www.loc.gov/MARC21/slim http://www.loc.gov/standards/marcxml/schema/MARC21slim.xsd" xmlns="http://www.loc.gov/MARC21/slim">
 <record>
  <leader>00000nam a22000003i 4500</leader>
  <controlfield tag="001">UP-100084294495560322</controlfield>
  <controlfield tag="003">Buklod</controlfield>
  <controlfield tag="005">20230613111404.0</controlfield>
  <controlfield tag="006">t     r    |||| u|</controlfield>
  <controlfield tag="007">ta</controlfield>
  <controlfield tag="008">230601s2020    xx      r    |||| u|    d</controlfield>
  <datafield tag="040" ind1="0" ind2=" ">
   <subfield code="a">DCHE</subfield>
   <subfield code="e">rda</subfield>
  </datafield>
  <datafield tag="041" ind1="0" ind2=" ">
   <subfield code="a">eng</subfield>
  </datafield>
  <datafield tag="090" ind1="0" ind2="0">
   <subfield code="a">LG 993.5 2020 F66</subfield>
   <subfield code="b">T36</subfield>
  </datafield>
  <datafield tag="100" ind1="1" ind2=" ">
   <subfield code="a">Tampil, Gyle D.</subfield>
   <subfield code="e">author.</subfield>
  </datafield>
  <datafield tag="245" ind1="1" ind2="0">
   <subfield code="a">Detection of adulteration in virgin coconut oil using instrumental methods and preliminary sensory profiling</subfield>
   <subfield code="c">Gyle D. Tampil ; Casiana Blanca J. Villarino, thesis adviser.</subfield>
  </datafield>
  <datafield tag="264" ind1=" " ind2="1">
   <subfield code="a">Quezon City</subfield>
   <subfield code="b">College of Home Economics, University of the Philippines Diliman,</subfield>
   <subfield code="c">2020.</subfield>
  </datafield>
  <datafield tag="300" ind1=" " ind2=" ">
   <subfield code="a">xviii, 113 leaves</subfield>
   <subfield code="b">illustrations (some color)</subfield>
   <subfield code="c">28 cm.</subfield>
  </datafield>
  <datafield tag="336" ind1=" " ind2=" ">
   <subfield code="a">text</subfield>
   <subfield code="2">rdacontent</subfield>
  </datafield>
  <datafield tag="337" ind1=" " ind2=" ">
   <subfield code="a">unmediated</subfield>
   <subfield code="2">rdamedia</subfield>
  </datafield>
  <datafield tag="338" ind1=" " ind2=" ">
   <subfield code="a">volume</subfield>
   <subfield code="2">rdacarrier</subfield>
  </datafield>
  <datafield tag="502" ind1=" " ind2=" ">
   <subfield code="a">Thesis (Bachelor of Science in Food Technology)--University of the Philippines Diliman,</subfield>
   <subfield code="d">June 2020.</subfield>
  </datafield>
  <datafield tag="504" ind1=" " ind2=" ">
   <subfield code="a">Bibliography : pages 63-71.</subfield>
  </datafield>
  <datafield tag="506" ind1="0" ind2=" ">
   <subfield code="a">Thesis Classification: P</subfield>
  </datafield>
  <datafield tag="520" ind1="0" ind2=" ">
   <subfield code="a">Detection  of  adulteration  in  Philippine  virgin  coconut  oil  (VCO)  using  refined,  bleached,  and  deodorized  (RBD)  coconut  oil  and  mineral  oil  (MIN)  as  adulterants  was studied using instrumental methods and preliminary sensory profiling. The study aimed to differentiate instrumental color and viscosity properties of unadulterated and adulterated VCO  samples,  generate  preliminary  sensory  profiles  for  both  samples,  and  conduct preliminary correlation between gathered instrumental data and sensory data. Yellowness index  (YI)  did  not  show  any  significant  differences  (p&lt;0.05)  even  at  50%  for  both adulterants. Evaluation of total color differences (ΔE) detected RBD-adulteration at 50% concentration while no color difference was detected in MIN-adulterated samples. Viscosity  values  (mPa·s)  of  MIN-adulterated  samples  showed  a  significant  difference (p&lt;0.05)  starting  at  20%  adulteration  and  was  able  to  detect  adulteration  from  said concentration, while RBD-adulterated samples did not show significant differences. A total of 9 terms were generated and validated by 7 trained panelists to describe and differentiate adulterated and unadulterated samples. The panel was not  able to detect differences in the sensory  properties  of  RBD-  and  MIN-  adulterated  samples  except  for  yellow  color  of samples with &gt;20% RBD. Preliminary correlations showed very high positive correlations between yellowness index and yellow scores (r=0.9588; p&lt;0.05), and between total color difference and yellow scores (r=0.9532; p&lt;0.05), while negligible correlation was observed for viscosity values with mouthfeel and skin feel ratings of the VCO samples.   </subfield>
  </datafield>
  <datafield tag="650" ind1="0" ind2="0">
   <subfield code="a">Coconut oil</subfield>
   <subfield code="z">Philippines.</subfield>
  </datafield>
  <datafield tag="650" ind1="0" ind2="0">
   <subfield code="a">Oils and fats, Edible</subfield>
   <subfield code="z">Philippines.</subfield>
  </datafield>
  <datafield tag="700" ind1="1" ind2=" ">
   <subfield code="a">Villarino, Casiana Blanca J.</subfield>
   <subfield code="e">thesis adviser.</subfield>
  </datafield>
  <datafield tag="905" ind1=" " ind2=" ">
   <subfield code="a">FI</subfield>
  </datafield>
  <datafield tag="905" ind1=" " ind2=" ">
   <subfield code="a">UP</subfield>
  </datafield>
  <datafield tag="852" ind1="0" ind2=" ">
   <subfield code="a">UPD</subfield>
   <subfield code="b">DCHE</subfield>
   <subfield code="h">LG 993.5 2020 F66</subfield>
   <subfield code="i">T36</subfield>
  </datafield>
  <datafield tag="942" ind1=" " ind2=" ">
   <subfield code="a">Thesis</subfield>
  </datafield>
 </record>
</collection>
